Comentarios a la ley de la propiedad industrial

Detalles Bibliográficos
Autor principal: Jalife Daher, Mauricio
Formato: eBook
Lenguaje:español
Publicado: Mx̌ico D.F. : Jalife Caballero, 2013
Materias:
Acceso en línea:Acceso restringido

MARC

LEADER 00000nam a22000007a 4500
005 20130611155528.0
007 cr|||| ||||
008 130611e2013 mx |||||s|||| 00||0 spa d
035 |a 11127 
040 |a vLex 
090 |c 4305  |d 4305 
100 1 0 |a Jalife Daher, Mauricio  
245 1 0 |a Comentarios a la ley de la propiedad industrial  |c / Mauricio Jalife Daher   |h [Recurso electrn̤ico]  
256 |a Servicio en ln̕ea 
260 |a Mx̌ico D.F. :  |b Jalife Caballero,   |c 2013 
300 |a 1 Recurso electrn̤ico 
506 1 |a Contenido solo disponible en los productos indicados   |d vLex Global  |d vLex Global (Academic Edition, excluding Law Schools)  |d vLex Global (U.S. Academic Edition, Law Schools)  |d vLex Global (U.S. Academic Edition, excluding Law Schools)  |d vLex Global (Academic Edition, Law Schools) 
650 0 4 |a Propiedad industrial   |z Espaą 
650 0 4 |a Ley de la Propiedad Industrial 
740 0 |a vLex Libros (Servicio en ln̕ea) 
856 4 0 |u http://vlex.com/source/comentarios-ley-propiedad-industrial-11127  |z Acceso restringido 
942 |c BOOK 
999 0 |a Commercial law